El lado oscuro del corazón de San José. Medios de comunicación y construcción de pánicos morales /
Gespeichert in:
| 1. Verfasser: | |
|---|---|
| Weitere Verfasser: | |
| Format: | Text |
| Sprache: | Spanish |
| Veröffentlicht: |
San José:
Uruk
|
| Schlagworte: | |
| Tags: |
Tag hinzufügen
Keine Tags, Fügen Sie den ersten Tag hinzu!
|
MARC
| LEADER | 00000 a a2200000 04500 | ||
|---|---|---|---|
| 001 | 36843 | ||
| 003 | cru IIS | ||
| 005 | 20230522082554.0 | ||
| 008 | 230522b |||||||| |||| 00| 0 spa d | ||
| 020 | |a 978-9977-952-33-8 | ||
| 040 | |c CRAI/IIS | ||
| 090 | |a 0002 R823l | ||
| 100 | |a Araya Jiménez, María del Carmen |9 11330 | ||
| 245 | |a El lado oscuro del corazón de San José. Medios de comunicación y construcción de pánicos morales / |c María del Carmen Araya Jiménez | ||
| 260 | |a San José: |b Uruk | ||
| 300 | |a 61-114 p. | ||
| 650 | |a VIOLENCIA | ||
| 650 | |a MEDIOS DE COMUNICACION | ||
| 650 | |a IMAGINARIO SOCIAL | ||
| 650 | |a SEGURIDAD CIUDADANA | ||
| 650 | |a COSTA RICA | ||
| 700 | |a ed. |a Garita, Nora |a ed. | ||
| 942 | |2 ddc |c LI | ||
| 999 | |c 13190 |d 13190 | ||
| 773 | 0 | |0 12074 |9 8953 |a Rossi, Anacristina |d San José: Uruk 2007 |o 04252 |t El lado oscuro: ensayos sobre violencia / |w (cru CIDCACS/IIS )36844 |z 978-9977-952-33-8 | |



